| 000 | 00341nam a22001097a 4500 | ||
|---|---|---|---|
| 008 | 230605b xxu||||| |||| 00| 0 eng d | ||
| 082 |
_a328.1 _bNAT |
||
| 245 |
_aCommunication from the Chair and Considered Rulings by the Speaker from 1993-2010 _cNational Assembly |
||
| 260 |
_aKenya _bNational Assembly _c1993 |
||
| 300 | _a518 p | ||
| 942 |
_2ddc _cBK |
||
| 999 |
_c463 _d463 |
||